000 005670000a22001810004500
020 _a958-9281-02-8
041 0 _aSPA
082 0 4 _aG 572 M4943c
110 1 _aInstituto Lingüístico de Verano
245 1 0 _aCulturas indígenas : Colombia / Asociación Instituto Lingüístico de Verano ; Albert Meehan, Director general
260 _aBogotá, Colombia : Instituto Lingüístico de Verano
300 _a143 Pag
001 10808
942 _cBK
999 _c40251
_d40251
336 _atexto
_btxt
_2rdacontent
337 _2rdamedia
_asin mediación
_bn
338 _2rdacarrier
_avolumen
_bnc